Datum a čas kvízu

28 Celkem bodů Celkový počet nahraných bodů na tomto kvízu bez doplňovacích otázek.
5. Pořadí na kvízu Konečné umístění týmu na tomto kvízu.

Zaznamenané odpovědi

# Otázka Odpověď Body Výsledky
1. Pro tvůrce aktuálních otázek z... odchyt volně se pohybujících krav 1
2. Obchod se suvenýry v rezidenci... C 1
3. Který český „mistr basů“ oslav... Karel Vágner 0
4. Jeden český státní podnik, kte... České dráhy 1
5. Rakouský 22letý skokan na lyží... Skákal téměř nahý (pouze v plavkách typu „Borat“). 0
6. Budeme se zabývat pěti filmy,... Elijah Wood, Pán prstenů: Dvě věže 0.5
7. Snímek Pan Jones z roku 2019 v... Agnieszka Holland 1
8. Romantické drama Paní Bovaryov... Gustave Flaubert 0
9. Satirická komedie Zdeňka Podsk... C) Irena Kačírková 1
10. V roce 2009 vznikl animovaný f... Lišák 1